Premi Adelina Giménez de Colet
Descripción Física:
1 díptic ; 23 cm
MARC
| LEADER | 00000nam a2200000Ia 4500 | ||
|---|---|---|---|
| 001 | 19290 | ||
| 003 | BGR | ||
| 005 | 20260324180140.0 | ||
| 008 | 160829s1975 xx 000 0 cat d | ||
| 080 | |a FU-3-58 | ||
| 245 | |a Premi Adelina Giménez de Colet | ||
| 260 | |a Barcelona : |b Fundación Dr. Melchor Colet : |b Diputació Provincial de Barcelona, |c 1975 | ||
| 300 | |a 1 díptic ; |c 23 cm | ||
| 590 | |a Prové de S-320. | ||
| 590 | |a Són les bases del concurs literari | ||
| 650 | |a Giménez de Colet, Adelina |x Premis |9 47820 | ||
| 650 | |a Premis literaris |x Catalunya |9 47821 | ||
| 710 | 1 | |a Barcelona (Catalunya : Província). |b Diputació |9 52408 | |
| 710 | 2 | |a Fundación Dr. Melchor Colet |9 70930 | |
| 901 | |a Arxiu | ||
| 942 | |n 1 |2 udc |c MON | ||
| 952 | |0 0 |1 0 |4 0 |6 FU358 |7 1 |9 54134 |a Arxiu |b Arxiu |d 2016-12-01 |l 0 |o FU-3-58 |p 19290 |r 2016-12-01 00:00:00 |w 2016-12-01 |y ARXIU | ||
| 999 | |c 58003 |d 58003 | ||